[Event "Politiken Cup"]
[Site "Helsingor DEN"]
[Date "2014.07.21"]
[EventDate "2014.07.21"]
[Round "1.3"]
[Result "0-1"]
[White "Max Hansen"]
[Black "Bu Xiangzhi"]
[WhiteElo "2009"]
[BlackElo "2693"]
[PlyCount "40"]

1. d4 g6 2. Nf3 Bg7 3. g3 Nf6 4. Bg2 O-O 5. O-O d6 6. c4 Nc6
7. Nc3 a6 8. e4 Rb8 9. Be3 Ng4 10. Qe2 b5 11. cxb5 axb5
12. Rac1 b4 13. Nd5 e6 14. Rxc6 exd5 15. Rfc1 dxe4 16. Nd2
Nxe3 17. fxe3 d5 18. Rxc7 Ra8 19. Qb5 Bh6 20. Kf2 Qf6+ 0-1

[Event "Politiken Cup"]
[Site "Helsingor DEN"]
[Date "2014.07.22"]
[EventDate "2014.07.21"]
[Round "2.3"]
[Result "1-0"]
[White "Bu Xiangzhi"]
[Black "Matthias Thaler"]
[WhiteElo "2693"]
[BlackElo "2199"]
[PlyCount "43"]

1. Nf3 d5 2. d4 Nf6 3. c4 c6 4. Qc2 g6 5. Bf4 Bg7 6. e3 O-O
7. Nc3 Na6 8. Be2 dxc4 9. Bxc4 Nb4 10. Qb3 Nbd5 11. Be5 b5
12. Bxd5 Nxd5 13. Bxg7 Kxg7 14. O-O a5 15. Rfc1 a4 16. Qc2 a3
17. Ne5 Bb7 18. Ne4 b4 19. Nc5 Qc7 20. e4 axb2 21. Qxb2 Nf6
22. Qxb4 1-0

[Event "Politiken Cup"]
[Site "Helsingor DEN"]
[Date "2014.07.22"]
[EventDate "2014.07.21"]
[Round "3.3"]
[Result "0-1"]
[White "Anton Smirnov"]
[Black "Bu Xiangzhi"]
[WhiteElo "2334"]
[BlackElo "2693"]
[PlyCount "84"]

1. e4 e5 2. Nf3 d6 3. d4 exd4 4. Nxd4 Nf6 5. Nc3 Be7 6. g3 O-O
7. Bg2 Re8 8. O-O Bf8 9. h3 c6 10. Bg5 h6 11. Be3 Nbd7 12. Re1
Nc5 13. f3 d5 14. exd5 Nxd5 15. Nxd5 Qxd5 16. Nb3 Qxd1
17. Raxd1 Na4 18. Bf2 Bf5 19. Nd4 Bh7 20. f4 Nxb2 21. Rxe8
Rxe8 22. Rb1 Ba3 23. f5 a6 24. g4 c5 25. Nb3 b6 26. Bb7 g6
27. Bxa6 gxf5 28. Bb5 Re7 29. Bh4 Re3 30. Bf6 fxg4 31. Bxb2
Bxc2 32. Rc1 Bxb3 33. Bxa3 Bxa2 34. Bxc5 bxc5 35. hxg4 Re5
36. Kf2 Be6 37. Be2 Kg7 38. Bf3 c4 39. Kg3 Rc5 40. Rc3 Kf6
41. Kf4 Rb5 42. Rc1 Rb4 0-1

[Event "Politiken Cup"]
[Site "Helsingor DEN"]
[Date "2014.07.23"]
[EventDate "2014.07.21"]
[Round "4.3"]
[Result "1-0"]
[White "Bu Xiangzhi"]
[Black "Gao Rui"]
[WhiteElo "2693"]
[BlackElo "2529"]
[PlyCount "65"]

1. Nf3 Nf6 2. c4 g6 3. b3 Bg7 4. Bb2 c5 5. e3 O-O 6. Be2 b6
7. O-O Bb7 8. d4 cxd4 9. Qxd4 d6 10. Rd1 Nbd7 11. Qh4 Rc8
12. Nc3 Rc5 13. Ba3 Rh5 14. Qg3 h6 15. h4 Nc5 16. Nd2 Rf5
17. Rac1 Qa8 18. f3 g5 19. e4 gxh4 20. Qxh4 Rh5 21. Qf2 Ne6
22. f4 Ra5 23. Bb4 Ng4 24. Qg3 Ne3 25. Re1 Kh8 26. Bxa5 Rg8
27. Kh1 Nxf4 28. Qxf4 Nxg2 29. Qxf7 Qc8 30. Qh5 Nf4 31. Qh4
bxa5 32. Qxf4 Rf8 33. Qg4 1-0

[Event "Politiken Cup"]
[Site "Helsingor DEN"]
[Date "2014.07.24"]
[EventDate "2014.07.21"]
[Round "5.1"]
[Result "0-1"]
[White "Parimarjan Negi"]
[Black "Bu Xiangzhi"]
[WhiteElo "2645"]
[BlackElo "2693"]
[PlyCount "84"]

1. e4 e5 2. Nf3 Nf6 3. Nxe5 d6 4. Nf3 Nxe4 5. Nc3 Nxc3 6. dxc3
Be7 7. Be3 Nc6 8. Qd2 Be6 9. O-O-O Qd7 10. h4 h6 11. a3 Bf6
12. Nd4 Bxd4 13. cxd4 d5 14. h5 O-O-O 15. f3 Rde8 16. g4 f6
17. Bf2 a6 18. Bg3 Re7 19. Qf4 Rhe8 20. Rd3 Bg8 21. Rc3 Bh7
22. b3 Kb8 23. Kb2 Nd8 24. Qd2 Ne6 25. Rh2 Ka7 26. Re2 c6
27. a4 Ng5 28. a5 Rxe2 29. Bxe2 Qe7 30. Bxa6 Kxa6 31. Re3 Ne6
32. c4 dxc4 33. bxc4 Qd8 34. c5 Nxd4 35. Rxe8 Qxe8 36. Qxd4
Qe2+ 37. Ka1 Qc2 38. Qb2 Qd1+ 39. Ka2 Bg8+ 40. Ka3 Qxf3+
41. Ka4 Qxg4+ 42. Qb4 Qd1+ 0-1

[Event "Politiken Cup"]
[Site "Helsingor DEN"]
[Date "2014.07.25"]
[EventDate "2014.07.21"]
[Round "6.1"]
[Result "1/2-1/2"]
[White "Bu Xiangzhi"]
[Black "Maxim Matlakov"]
[WhiteElo "2693"]
[BlackElo "2685"]
[PlyCount "22"]

1. Nf3 d5 2. g3 Bg4 3. Bg2 e6 4. O-O Nd7 5. d4 Ngf6 6. Nbd2 h6
7. c4 c6 8. b3 Be7 9. Bb2 O-O 10. a3 a5 11. Nh4 Bh5 1/2-1/2

[Event "Politiken Cup"]
[Site "Helsingor DEN"]
[Date "2014.07.29"]
[EventDate "2014.07.21"]
[Round "10.1"]
[Result "1/2-1/2"]
[White "Bu Xiangzhi"]
[Black "Richard Rapport"]
[WhiteElo "2693"]
[BlackElo "2701"]
[PlyCount "163"]

1. Nf3 d5 2. d4 Bf5 3. c4 e6 4. Nc3 Nf6 5. Bg5 c6 6. cxd5 exd5
7. Qb3 Qb6 8. Bxf6 gxf6 9. e3 Na6 10. Nh4 Qxb3 11. axb3 Nb4
12. Kd2 Be6 13. Be2 b6 14. g3 a5 15. Na4 Rb8 16. Rac1 Rg8
17. Rhd1 Kd7 18. f4 Kc7 19. Bh5 Rg7 20. Ke2 Re8 21. Kf2 Bc8
22. Nc3 Kb7 23. Bf3 f5 24. Bh5 Rd8 25. Be2 Be7 26. Nf3 h5
27. Rg1 Rh8 28. Nb1 Na2 29. Rcd1 Rh6 30. Nbd2 Nb4 31. Nb1 Na6
32. Bxa6+ Kxa6 33. Nbd2 Kb7 34. Ne5 Be6 35. Rc1 c5 36. Nd3
cxd4 37. exd4 h4 38. Nf3 Rgh7 39. Ng5 hxg3+ 40. hxg3 Rg7
41. Rh1 Rxh1 42. Rxh1 Bxg5 43. fxg5 Rxg5 44. Nf4 Rg8 45. Re1
Re8 46. Re3 Kc6 47. Ke2 Kd6 48. Kd2 Rh8 49. Re5 Rh2+ 50. Re2
Rh1 51. Re1 Rh2+ 52. Re2 Rh6 53. Re3 Rh7 54. Re5 Rg7 55. Re3
Rg8 56. Kc2 Bd7 57. Kd2 b5 58. Kc2 Be6 59. Kd2 Rh8 60. Re5
Rh2+ 61. Re2 Rh1 62. Re1 Rh7 63. Re5 Rh8 64. Re3 Rg8 65. Kc2
Rd8 66. Kd2 b4 67. Re1 Rh8 68. Re5 Rg8 69. Re3 Bd7 70. Re5 Be6
71. Re3 Rg5 72. Nh3 Rg4 73. Nf4 Kd7 74. Kc2 Kd6 75. Kd2 Kc6
76. Nxe6 fxe6 77. Rxe6+ Kb5 78. Re5 Rxd4+ 79. Kc2 Kc5 80. Rxf5
Rg4 81. Rf3 Kd4 82. Kd2 1/2-1/2

[Event "Millionaire Chess"]
[Site "Las Vegas"]
[Date "2014.10.09"]
[EventDate "?"]
[Round "1.2"]
[Result "0-1"]
[White "Carlos Andres Perdomo"]
[Black "Bu Xiangzhi"]
[WhiteElo "2331"]
[BlackElo "2710"]
[PlyCount "98"]

1. c4 Nf6 2. Nc3 e6 3. Nf3 c5 4. d4 cxd4 5. Nxd4 Nc6 6. e3 Bb4
7. Ndb5 a6 8. Nd6+ Ke7 9. Nxc8+ Rxc8 10. Bd2 d5 11. cxd5 Nxd5
12. Be2 Qd6 13. O-O Nxc3 14. bxc3 Rhd8 15. cxb4 Qxd2 16. b5
axb5 17. Bxb5 Qxd1 18. Rfxd1 Nb4 19. Rxd8 Rxd8 20. a4 Rd2
21. Rb1 Na6 22. Bxa6 bxa6 23. g3 Ra2 24. Rb4 h5 25. Kg2 g6
26. h3 a5 27. Rd4 f6 28. g4 h4 29. g5 fxg5 30. Kf3 Rb2 31. Rc4
Rb4 32. Rc5 g4+ 33. hxg4 Rxa4 34. Rb5 Ra2 35. g5 a4 36. Rb7+
Kd6 37. Rh7 a3 38. Rxh4 Rc2 39. Ra4 a2 40. Kg3 Kc5 41. f3 Kb5
42. Ra8 Kb4 43. e4 e5 44. Ra6 Kb3 45. f4 Rc3+ 46. Kg4 Rc4
47. Rxa2 Kxa2 48. Kf3 Rc3+ 49. Kg4 Re3 0-1

[Event "Qatar Masters"]
[Site "Doha QAT"]
[Date "2014.11.26"]
[EventDate "2014.11.26"]
[Round "1.11"]
[Result "1-0"]
[White "Bu Xiangzhi"]
[Black "Akshat Chandra"]
[WhiteElo "2707"]
[BlackElo "2489"]
[PlyCount "79"]

1. Nf3 Nf6 2. c4 e6 3. Nc3 d5 4. d4 c6 5. e3 Nbd7 6. Qc2 Bd6
7. b3 O-O 8. Be2 Qe7 9. O-O b6 10. Bb2 Bb7 11. Rad1 Rfd8
12. Rfe1 c5 13. cxd5 exd5 14. Qf5 Rac8 15. Bb5 Qe6 16. Bd3 a6
17. dxc5 Nxc5 18. Ng5 Qe5 19. Nf3 Qe6 20. Nd4 Qe7 21. Bb1 Nce4
22. Nxe4 dxe4 23. Ne2 Rc5 24. Bxf6 Rxf5 25. Bxe7 Bxe7
26. Rxd8+ Bxd8 27. Rd1 Bh4 28. g3 Bf6 29. Rd7 Bc6 30. Rc7 Be8
31. Bxe4 Rc5 32. Rb7 b5 33. Ra7 Re5 34. Bb7 h5 35. Rxa6 Rc5
36. h4 Bd7 37. Nf4 Bg4 38. Be4 Kf8 39. Ra8+ Ke7 40. Ra7+ 1-0

[Event "Qatar Masters"]
[Site "Doha QAT"]
[Date "2014.11.27"]
[EventDate "2014.11.26"]
[Round "2.8"]
[Result "1/2-1/2"]
[White "David Anton Guijarro"]
[Black "Bu Xiangzhi"]
[WhiteElo "2607"]
[BlackElo "2707"]
[PlyCount "89"]

1. e4 c5 2. Nc3 g6 3. Bc4 Bg7 4. Qf3 e6 5. Nb5 d6 6. Qg3 Ke7
7. d3 a6 8. Nc3 Nc6 9. Bb3 Nf6 10. Nf3 h6 11. h3 Re8 12. O-O
Kf8 13. Bf4 e5 14. Bd2 Be6 15. Bxe6 Rxe6 16. Nd5 Re8 17. c4
Kg8 18. a4 a5 19. Qh4 Nd7 20. Qxd8 Rexd8 21. Nh2 Nb4 22. Ra3
Kh7 23. Nc7 Rac8 24. Nb5 Nf8 25. f4 exf4 26. Bxf4 Rc6 27. Bc1
Rd7 28. Ng4 h5 29. Ne3 Ne6 30. Nd5 Nd4 31. Bd2 Be5 32. Kh1
Nxd5 33. exd5 Rc8 34. Nxd4 Bxd4 35. Rb3 Re8 36. Bxa5 Ra8
37. Rb5 Bxb2 38. Bd2 Bd4 39. a5 Re8 40. Bf4 Kg7 41. h4 Ree7
42. Rfb1 f6 43. Rb6 Be5 44. Bxe5 fxe5 45. Kg1 1/2-1/2

[Event "Qatar Masters"]
[Site "Doha QAT"]
[Date "2014.11.28"]
[EventDate "2014.11.26"]
[Round "3.10"]
[Result "1-0"]
[White "Bu Xiangzhi"]
[Black "Surya Shekhar Ganguly"]
[WhiteElo "2707"]
[BlackElo "2615"]
[PlyCount "103"]

1. Nf3 d5 2. c4 d4 3. g3 Nc6 4. Bg2 e5 5. d3 Nf6 6. O-O a5
7. e3 Bc5 8. exd4 Bxd4 9. Nxd4 Nxd4 10. h3 O-O 11. Nc3 Re8
12. Kh2 h6 13. f4 exf4 14. Bxf4 Ra6 15. Qd2 g5 16. Be3 Rxe3
17. Qxe3 Nc2 18. Qf2 Nxa1 19. d4 Qe7 20. d5 Nd7 21. Rxa1 Rf6
22. Qd2 Nc5 23. Re1 Qd8 24. Qe3 Qf8 25. Qd4 Rg6 26. Re2 Bd7
27. Ne4 Nxe4 28. Bxe4 f5 29. Bf3 b6 30. Qe5 Qd6 31. Bh5 Qxe5
32. Rxe5 Rd6 33. Be8 Bxe8 34. Rxe8+ Kf7 35. Rc8 Rd7 36. Kg2
Re7 37. Kf2 h5 38. Rh8 Kg6 39. b3 g4 40. h4 Rf7 41. Rg8+ Kf6
42. Re8 f4 43. gxf4 Re7 44. Rf8+ Kg6 45. a3 a4 46. bxa4 Re4
47. a5 bxa5 48. c5 Rd4 49. f5+ Kg7 50. Rd8 Rf4+ 51. Kg2 Rxf5
52. c6 1-0

[Event "Qatar Masters"]
[Site "Doha QAT"]
[Date "2014.11.29"]
[EventDate "2014.11.26"]
[Round "4.6"]
[Result "1/2-1/2"]
[White "Vasif Durarbayli"]
[Black "Bu Xiangzhi"]
[WhiteElo "2621"]
[BlackElo "2707"]
[PlyCount "110"]

1. e4 c5 2. Nf3 d6 3. d4 cxd4 4. Nxd4 Nf6 5. Nc3 a6 6. Bg5
Nbd7 7. Qe2 Qa5 8. h4 h6 9. Bd2 Qc7 10. O-O-O b5 11. g4 Nb6
12. Rg1 e5 13. Nb3 Be6 14. g5 hxg5 15. hxg5 Nh5 16. Nd5 Nxd5
17. exd5 Bxd5 18. Kb1 Rc8 19. Ba5 Qb7 20. Bh3 Rc4 21. Qe3 Nf4
22. Bf1 Rc8 23. Nd4 Be7 24. Nf5 g6 25. Nxe7 Qxe7 26. Bb4 Qe6
27. b3 Rc6 28. Rd2 Rh4 29. Qg3 Rh5 30. Qe3 Rh4 31. f3 Kf8
32. Qf2 Rh5 33. Qa7 Kg7 34. Qe3 Qf5 35. Bd3 Nxd3 36. Rxd3 Rh4
37. Ba3 b4 38. Bb2 Rh2 39. Rc1 Kh7 40. Ka1 Be6 41. Rd2 Rh3
42. Rd3 a5 43. Qd2 d5 44. Re1 d4 45. f4 Rxd3 46. cxd3 Qxf4
47. Qxf4 exf4 48. Bxd4 Kg8 49. Bf6 Kf8 50. Rf1 Bf5 51. Rxf4
Bxd3 52. a3 Rc1+ 53. Kb2 Rc2+ 54. Ka1 Rc1+ 55. Kb2 Rc2+
1/2-1/2

[Event "Qatar Masters"]
[Site "Doha QAT"]
[Date "2014.11.30"]
[EventDate "2014.11.26"]
[Round "5.7"]
[Result "0-1"]
[White "Bu Xiangzhi"]
[Black "Milos Perunovic"]
[WhiteElo "2707"]
[BlackElo "2619"]
[PlyCount "126"]

1. Nf3 c5 2. c4 Nc6 3. Nc3 e5 4. g3 g6 5. Bg2 Bg7 6. O-O d6
7. a3 a5 8. Ne1 Be6 9. d3 Nge7 10. Nc2 d5 11. cxd5 Nxd5
12. Ne4 b6 13. Ng5 Bc8 14. Ne3 Nde7 15. Nc4 O-O 16. Be3 h6
17. Ne4 Be6 18. Rb1 Rb8 19. a4 f5 20. Nc3 Qd7 21. Qd2 Kh7
22. f4 exf4 23. Bxf4 Rbd8 24. Rbd1 g5 25. Be3 Ne5 26. Nxe5
Bxe5 27. Kh1 Nd5 28. Bg1 Nf6 29. Qc2 Qf7 30. e3 Bb3 31. Qf2
Ng4 32. Qf3 Bxd1 33. Rxd1 Bg7 34. h3 Ne5 35. Qe2 Rfe8 36. Qc2
Kh8 37. d4 cxd4 38. exd4 Nc4 39. Nd5 Nd6 40. Rf1 Qe6 41. Nc7
Qc8 42. Rc1 Re7 43. Kh2 Ne4 44. Nb5 Qb8 45. Qd3 Be5 46. Bxe4
fxe4 47. Qe3 Bg7 48. Rf1 Qc8 49. b3 Qc2+ 50. Rf2 Qc6 51. Rf5
Qe6 52. g4 Rf7 53. Rxf7 Qxf7 54. Kg2 Qd5 55. Kh2 Rf8 56. Qc3
Rf3 57. Qc4 Qxc4 58. bxc4 e3 59. Kg2 e2 60. Bf2 Rd3 61. c5
bxc5 62. dxc5 Rd1 63. c6 e1=Q 0-1

[Event "Qatar Masters"]
[Site "Doha QAT"]
[Date "2014.12.01"]
[EventDate "2014.11.26"]
[Round "6.19"]
[Result "0-1"]
[White "Sebastian Bogner"]
[Black "Bu Xiangzhi"]
[WhiteElo "2598"]
[BlackElo "2707"]
[PlyCount "77"]

1. d4 d5 2. c4 c6 3. cxd5 cxd5 4. Bf4 Nc6 5. Nc3 e5 6. Bxe5
Nxe5 7. dxe5 d4 8. Ne4 Bb4+ 9. Nd2 Ne7 10. Nf3 O-O 11. a3 Ba5
12. b4 Bb6 13. Nc4 a5 14. e3 dxe3 15. fxe3 axb4 16. axb4 Qxd1+
17. Rxd1 Ba7 18. Kf2 Be6 19. Nd4 Nd5 20. b5 Nc3 21. Rc1 Bxd4
22. exd4 Nxb5 23. Ke3 Rfd8 24. Bd3 Nxd4 25. Nd6 Nb3 26. Rc3
Ra5 27. Nxb7 Rxe5+ 28. Kf4 Rdd5 29. Rxb3 g5+ 30. Kf3 Rd4
31. Bxh7+ Kxh7 32. Rhb1 Bd5+ 33. Kg3 Rd2 34. R1b2 Ree2
35. Rxd2 Rxd2 36. Rb5 Kg6 37. Kh3 Rd3+ 38. g3 Rd2 39. Nc5 0-1

[Event "Qatar Masters"]
[Site "Doha QAT"]
[Date "2014.12.02"]
[EventDate "2014.11.26"]
[Round "7.13"]
[Result "1-0"]
[White "Bu Xiangzhi"]
[Black "Gadir Guseinov"]
[WhiteElo "2707"]
[BlackElo "2592"]
[PlyCount "91"]

1. Nf3 c5 2. c4 Nc6 3. d4 cxd4 4. Nxd4 g6 5. e4 Nf6 6. Nc3
Nxd4 7. Qxd4 d6 8. Be3 Bg7 9. f3 O-O 10. Qd2 Qa5 11. Rc1 Be6
12. Be2 Rfc8 13. b3 a6 14. Na4 Qxd2+ 15. Kxd2 Nd7 16. g4 f5
17. exf5 gxf5 18. h3 Rf8 19. f4 Rad8 20. g5 Bf7 21. Rhd1 e5
22. Ke1 exf4 23. Bxf4 Be5 24. Bxe5 Nxe5 25. Nc3 Be6 26. Kf2
Kg7 27. Rd4 f4 28. Bf1 Nf7 29. Re1 Nxg5 30. h4 Nh3+ 31. Bxh3
Bxh3 32. Ne4 h5 33. Ng5 Bg4 34. Re7+ Kg6 35. Rxb7 Rde8 36. Ne4
Re6 37. Rb6 Rfe8 38. Nc3 Kf5 39. Rd5+ Re5 40. Rbxd6 Rxd5
41. Rxd5+ Kf6 42. Rd4 Kf5 43. b4 Bf3 44. a4 Re3 45. Nd5 Bxd5
46. cxd5 1-0

[Event "Qatar Masters"]
[Site "Doha QAT"]
[Date "2014.12.04"]
[EventDate "2014.11.26"]
[Round "9.7"]
[Result "1/2-1/2"]
[White "Bu Xiangzhi"]
[Black "A R Saleh Salem"]
[WhiteElo "2707"]
[BlackElo "2586"]
[PlyCount "66"]

1. Nf3 c5 2. c4 Nc6 3. d4 cxd4 4. Nxd4 e5 5. Nc2 Bc5 6. g3 Nf6
7. Bg2 O-O 8. O-O h6 9. Nc3 d6 10. b3 Rb8 11. Bb2 Bf5 12. Qd2
Qc8 13. Ne3 Bh3 14. Ned5 Nxd5 15. Nxd5 a5 16. Rac1 Bxg2
17. Kxg2 b5 18. cxb5 Rxb5 19. Nc3 Rb4 20. Na4 Nd4 21. Bc3 Qa8+
22. Kg1 Qe4 23. Rfe1 Rxa4 24. bxa4 Ne6 25. Qc2 Qg4 26. Bd2 f5
27. Kg2 Bxf2 28. Kxf2 f4 29. Kg2 f3+ 30. exf3 Qxf3+ 31. Kg1
Qf2+ 32. Kh1 Qf3+ 33. Kg1 Qf2+ 1/2-1/2

[Event "Aeroflot Open"]
[Site "Moscow RUS"]
[Date "2016.03.06"]
[EventDate "2016.03.01"]
[Round "6.9"]
[Result "1/2-1/2"]
[White "Kamil Dragun"]
[Black "Bu Xiangzhi"]
[WhiteElo "2594"]
[BlackElo "2724"]
[PlyCount "50"]

1. e4 c5 2. Nf3 d6 3. d4 cxd4 4. Nxd4 Nf6 5. Nc3 a6 6. g3 e6
7. Bg2 Be7 8. O-O O-O 9. Be3 Nc6 10. Nxc6 bxc6 11. e5 Nd5
12. Nxd5 exd5 13. exd6 Qxd6 14. c4 dxc4 15. Qxd6 Bxd6 16. Rfd1
Be7 17. Bxc6 Rb8 18. Bd5 Bf6 19. Bxc4 Bxb2 20. Rab1 Bf5
21. Bd3 Be6 22. Bf4 Bxa2 23. Bxb8 Rxb8 24. Bxa6 Bxb1 25. Rxb1
Be5 1/2-1/2

[Event "Aeroflot Open"]
[Site "Moscow RUS"]
[Date "2016.03.07"]
[EventDate "2016.03.01"]
[Round "7.10"]
[Result "1-0"]
[White "Bu Xiangzhi"]
[Black "Lu Shanglei"]
[WhiteElo "2724"]
[BlackElo "2620"]
[PlyCount "59"]

1. Nf3 g6 2. e4 d6 3. c4 Bg4 4. d4 Bxf3 5. gxf3 e5 6. Nc3 Nc6
7. d5 Nd4 8. Nb5 c5 9. dxc6 Nxc6 10. Be3 a6 11. Nc3 Bg7 12. h4
Nge7 13. h5 Nd4 14. f4 Ne6 15. fxe5 Bxe5 16. Qd2 Qa5 17. f4
Bf6 18. Rc1 g5 19. fxg5 Bxg5 20. Nd5 Qxd2+ 21. Kxd2 Nxd5
22. exd5 Nf4 23. Bd3 Nxd3 24. Kxd3 Bxe3 25. Rce1 Rg8 26. Rxe3+
Kf8 27. Rf1 Rc8 28. Rf6 Rg2 29. b3 Rd8 30. Ree6 1-0

[Event "Aeroflot Open"]
[Site "Moscow RUS"]
[Date "2016.03.08"]
[EventDate "2016.03.01"]
[Round "8.3"]
[Result "1/2-1/2"]
[White "Maxim Matlakov"]
[Black "Bu Xiangzhi"]
[WhiteElo "2682"]
[BlackElo "2724"]
[PlyCount "44"]

1. Nf3 Nf6 2. g3 d5 3. Bg2 c6 4. O-O Bg4 5. d3 Nbd7 6. h3 Bxf3
7. Bxf3 e6 8. Nd2 Qc7 9. Bg2 Bc5 10. e3 O-O 11. Qe2 e5 12. e4
Rfe8 13. c3 Bf8 14. Nb3 a5 15. a4 Qb6 16. Qc2 Rad8 17. Be3 Nc5
18. Nxc5 Bxc5 19. Bg5 Be7 20. exd5 Nxd5 21. Bxe7 Rxe7 22. Rae1
Rde8 1/2-1/2

[Event "Aeroflot Open"]
[Site "Moscow RUS"]
[Date "2016.03.09"]
[EventDate "2016.03.01"]
[Round "9.6"]
[Result "1/2-1/2"]
[White "Bu Xiangzhi"]
[Black "Alexandr Predke"]
[WhiteElo "2724"]
[BlackElo "2508"]
[PlyCount "104"]

1. Nf3 d5 2. c4 e6 3. d4 Nf6 4. Nc3 Bb4 5. Qb3 c5 6. dxc5 Na6
7. a3 Bxc3+ 8. Qxc3 Nxc5 9. cxd5 Qxd5 10. Be3 Nce4 11. Qd4 O-O
12. g3 b6 13. Bg2 Bb7 14. O-O Qb5 15. Ng5 Rfd8 16. Qb4 Qxb4
17. axb4 Nd6 18. Bxb7 Nxb7 19. Rfc1 Nd6 20. Nf3 Nb5 21. Rc4
Nd5 22. Bd2 f6 23. e4 Nd6 24. Rd4 Nc7 25. e5 Ndb5 26. Rc4 Rd3
27. Kg2 Rad8 28. Bc3 f5 29. h4 h6 30. h5 R8d7 31. Nh4 Rd8
32. g4 fxg4 33. Rxg4 R3d7 34. Re1 Rf7 35. Ree4 Rdf8 36. Be1
Nd5 37. Kg3 Ne7 38. Ng6 Nf5+ 39. Kg2 Rc8 40. Rc4 Rfc7 41. Rxc7
Rxc7 42. Rf4 Rc1 43. Bc3 Nxc3 44. bxc3 Rxc3 45. b5 Kf7 46. Ra4
Rc7 47. Kf3 Ke8 48. Ke4 Kf7 49. Nh8+ Kg8 50. Ng6 Kf7 51. Nh8+
Kg8 52. Ng6 Kf7 1/2-1/2

[Event "Hainan Danzhou GM"]
[Site "Danzhou CHN"]
[Date "2016.07.09"]
[EventDate "2016.07.06"]
[Round "2"]
[Result "1/2-1/2"]
[White "Yifan Hou"]
[Black "Bu Xiangzhi"]
[WhiteElo "2653"]
[BlackElo "2723"]
[PlyCount "97"]

1. e4 e5 2. Nf3 Nc6 3. Bb5 a6 4. Ba4 Nf6 5. O-O Be7 6. Re1 b5
7. Bb3 d6 8. c3 O-O 9. h3 Bb7 10. d4 Re8 11. Nbd2 exd4
12. cxd4 Nd7 13. Nf1 Na5 14. Bc2 Bf6 15. Rb1 c5 16. d5 Nc4
17. b3 Nce5 18. N3h2 Ng6 19. Ng3 Bc3 20. Bd2 Bxd2 21. Qxd2 a5
22. Ng4 Nf6 23. f4 Bc8 24. Nxf6+ Qxf6 25. Rf1 b4 26. Rbe1 Qh4
27. Kh2 Bd7 28. Bd1 Qf6 29. Rf3 Bb5 30. Qf2 Rac8 31. Nh5 Qd4
32. Qg3 Rxe4 33. Rxe4 Qxe4 34. f5 Qxd5 35. Bc2 Qe5 36. fxg6
hxg6 37. Nf4 g5 38. Nd3 Qxg3+ 39. Kxg3 f6 40. Kf2 Kf7 41. Re3
d5 42. Nc1 Rd8 43. Re1 g6 44. Rd1 f5 45. Nd3 Re8 46. Re1 Rd8
47. Rd1 Re8 48. Re1 Rd8 49. Rd1 1/2-1/2

[Event "Hainan Danzhou GM"]
[Site "Danzhou CHN"]
[Date "2016.07.12"]
[EventDate "2016.07.06"]
[Round "5"]
[Result "1/2-1/2"]
[White "Bu Xiangzhi"]
[Black "Yu Yangyi"]
[WhiteElo "2723"]
[BlackElo "2734"]
[PlyCount "62"]

1. Nf3 Nf6 2. c4 c5 3. Nc3 e6 4. g3 b6 5. Bg2 Bb7 6. O-O Be7
7. d4 cxd4 8. Qxd4 O-O 9. Rd1 d6 10. Ng5 Bxg2 11. Kxg2 Nc6
12. Qf4 Ne5 13. b3 Qc7 14. Nf3 Ng6 15. Qd4 Rfd8 16. Bb2 a6
17. Ne4 Qb7 18. Nxf6+ Bxf6 19. Qd2 Ne5 20. Rab1 Rac8 21. Qe3
h6 22. Kg1 Nxf3+ 23. exf3 Bxb2 24. Rxb2 b5 25. Rbd2 bxc4
26. bxc4 Rc6 27. Rd4 Qb6 28. Qa3 Rc5 29. Qd3 Rc6 30. Qa3 Rc5
31. Qd3 Rc6 1/2-1/2

[Event "Hainan Danzhou GM"]
[Site "Danzhou CHN"]
[Date "2016.07.15"]
[EventDate "2016.07.06"]
[Round "7"]
[Result "1/2-1/2"]
[White "Bu Xiangzhi"]
[Black "Peter Leko"]
[WhiteElo "2723"]
[BlackElo "2712"]
[PlyCount "109"]

1. d4 Nf6 2. c4 e6 3. Nc3 Bb4 4. Nf3 d5 5. Qb3 c5 6. dxc5 Na6
7. a3 Bxc3+ 8. Qxc3 Nxc5 9. cxd5 Qxd5 10. Be3 Nce4 11. Qe5
Qxe5 12. Nxe5 Nd5 13. Bc1 Bd7 14. f3 Nc5 15. e4 Nb3 16. Rb1
Nb6 17. Be3 Rc8 18. Nxd7 Kxd7 19. Be2 Ke7 20. O-O Rhd8
21. Rfd1 e5 22. Rxd8 Rxd8 23. Bd1 Nd4 24. Rc1 Rc8 25. Rxc8
Nxc8 26. Bxd4 exd4 27. Kf2 Nd6 28. Bb3 Kf6 29. Ke2 Ke5 30. Kd3
g5 31. g3 f5 32. exf5 Nxf5 33. Bf7 b6 34. a4 h6 35. Be8 Ng7
36. Bd7 Nh5 37. Bc8 Kd5 38. b4 a5 39. Bb7+ Ke5 40. bxa5 bxa5
41. Kc4 Nf6 42. Bc6 Kd6 43. Bb5 Ke5 44. Kc5 Nd5 45. Bc4 Ne3
46. Bd3 Nd1 47. f4+ gxf4 48. gxf4+ Kxf4 49. Kxd4 Nb2 50. Bc2
Kg4 51. Kc3 Nxa4+ 52. Bxa4 Kh3 53. Bd1 Kxh2 54. Kb3 Kg3
55. Ka4 1/2-1/2

[Event "Hainan Danzhou GM"]
[Site "Danzhou CHN"]
[Date "2016.07.16"]
[EventDate "2016.07.06"]
[Round "8"]
[Result "1-0"]
[White "Ian Nepomniachtchi"]
[Black "Bu Xiangzhi"]
[WhiteElo "2725"]
[BlackElo "2723"]
[PlyCount "95"]

1. e4 e5 2. Nf3 Nc6 3. Bb5 a6 4. Ba4 Nf6 5. O-O b5 6. Bb3 Bb7
7. d3 Be7 8. Nc3 d6 9. a3 O-O 10. Re1 h6 11. Ne2 Re8 12. Ng3
Bf8 13. c3 Qd7 14. d4 Na5 15. Bc2 Nc4 16. a4 Rad8 17. b3 Nb6
18. a5 Nc8 19. d5 c5 20. h3 g6 21. c4 b4 22. Ra2 Bg7 23. Bb1
Ne7 24. Nh2 g5 25. Nh5 Bc8 26. Nxf6+ Bxf6 27. Qh5 Kg7 28. Ng4
Rh8 29. f4 gxf4 30. g3 Ng6 31. gxf4 Qe7 32. Nxf6 Qxf6 33. fxe5
dxe5 34. Rg2 Qd6 35. Rf1 Rde8 36. Kh1 Re7 37. Be3 Rc7 38. Rgf2
Rh7 39. Rf6 Qxf6 40. Rxf6 Kxf6 41. Bxh6 Rxh6 42. Qxh6 Re7
43. h4 Re8 44. Qg5+ Kg7 45. h5 Rh8 46. Bc2 Rh6 47. Bd1 f6
48. Qg1 1-0

[Event "6th Chinese Master Rapid"]
[Site "Shenzhen CHN"]
[Date "2016.11.27"]
[EventDate "2016.11.27"]
[Round "1.1"]
[Result "1/2-1/2"]
[White "Yinglun Xu"]
[Black "Bu Xiangzhi"]
[WhiteElo "2527"]
[BlackElo "2698"]
[PlyCount "133"]

1. d4 Nf6 2. c4 e6 3. Nf3 b6 4. g3 Bb7 5. Bg2 Bb4+ 6. Bd2 c5
7. Bxb4 cxb4 8. a3 bxa3 9. Rxa3 O-O 10. O-O a5 11. Nc3 Na6
12. d5 Rc8 13. Ne5 exd5 14. Nxd5 Nxd5 15. Bxd5 Bxd5 16. Qxd5
Rc5 17. Qd6 Qb8 18. Qxb8 Nxb8 19. Nf3 Rxc4 20. Rb3 Rc6 21. Nd4
Rf6 22. e4 Re8 23. Rc1 Kf8 24. Re3 Nc6 25. Nb5 Re5 26. Nc3 Rd6
27. Nd5 Ne7 28. f4 Ree6 29. Nc7 Rh6 30. Rce1 Rd2 31. R3e2 Rxe2
32. Rxe2 Rc6 33. Nb5 Rc5 34. Nc3 b5 35. Rd2 Ke8 36. e5 Nc8
37. Ne4 Rc1+ 38. Kf2 Ke7 39. Kf3 Nb6 40. Nd6 b4 41. Nf5+ Kd8
42. Nxg7 a4 43. e6 fxe6 44. Nxe6+ Ke7 45. Nd4 b3 46. Nf5+ Kd8
47. Ne3 a3 48. bxa3 Na4 49. Nd1 Ke7 50. Ke3 Rc2 51. Kd3 Ra2
52. Nc3 Nc5+ 53. Ke3 Rxa3 54. Kd4 d6 55. Kc4 Ra1 56. Rd1 Rxd1
57. Nxd1 Kf6 58. g4 Ne6 59. Kxb3 Nxf4 60. Kc3 Ke5 61. Nf2 d5
62. Nd3+ Ke4 63. Nxf4 Kxf4 64. Kd4 Kxg4 65. Kxd5 Kh3 66. Ke4
Kxh2 67. Kf4 1/2-1/2

[Event "6th Chinese Master Rapid"]
[Site "Shenzhen CHN"]
[Date "2016.11.28"]
[EventDate "2016.11.27"]
[Round "4.1"]
[Result "1-0"]
[White "Bu Xiangzhi"]
[Black "Lu Shanglei"]
[WhiteElo "2698"]
[BlackElo "2616"]
[PlyCount "53"]

1. Nf3 e6 2. c4 g5 3. h3 Bg7 4. d4 h6 5. e4 Ne7 6. Nc3 d6
7. Be2 Nd7 8. O-O Ng6 9. Re1 b6 10. Be3 Bb7 11. Qc2 Qe7
12. Nb5 Nf6 13. e5 dxe5 14. Nxe5 Nh4 15. d5 O-O 16. Nf3 Nf5
17. Bd2 c6 18. dxe6 fxe6 19. Bd3 cxb5 20. Bxf5 Bxf3 21. Bxe6+
Kh8 22. Bd5 Be4 23. Bxe4 Nxe4 24. Rxe4 Qf7 25. Bc3 bxc4
26. Rxc4 Rad8 27. Rc6 1-0